Modern Compiler implementation in C (Record no. 168156)

MARC details
000 -LEADER
fixed length control field 00403nam a2200157Ia 4500
008 - FIXED-LENGTH DATA ELEMENTS--GENERAL INFORMATION
fixed length control field 231217s9999 xx 000 0 und d
041 ## - LANGUAGE CODE
Language code of text/sound track or separate title English
082 ## - DEWEY DECIMAL CLASSIFICATION NUMBER
Classification number 001.6424C APP;1 `R'
100 ## - MAIN ENTRY--PERSONAL NAME
Personal name Appel, Andrew W Ginsburg, Maia
245 #0 - TITLE STATEMENT
Title Modern Compiler implementation in C
250 ## - EDITION STATEMENT
Edition statement Rev ed
260 ## - PUBLICATION, DISTRIBUTION, ETC.
Date of publication, distribution, etc. 2000
Name of publisher, distributor, etc. Foundation Books
300 ## - PHYSICAL DESCRIPTION
Extent x+544
650 ## - SUBJECT ADDED ENTRY--TOPICAL TERM
Topical term or geographic name entry element Compiler, C
942 ## - ADDED ENTRY ELEMENTS (KOHA)
Koha item type Books
Holdings
Date last seen Total checkouts Full call number Accession number Cost, total (INR) price Price effective from Category Lost status Damaged status Department Withdrawn status Home library Current library Shelving location Entry date Vendor Cost, normal purchase price Grants Billnumber Billdate Currency symbol Conversion rate Discount Old discount
26/01/2024   001.6424C APP;1 `R' 18371 221.00 26/01/2024 Books     Central Library   Central Library Central Library Library Annex 31/10/2001 Allied publ. 260.00 CS 264 18/03/2004 RS 1 39 15
26/01/2024   001.6424C APP;2 `R1' 18372 221.00 26/01/2024 Books     Central Library   Central Library Central Library Library Annex 31/10/2001 Allied publ. 260.00 CS 264 18/03/2004 RS 1 39 15
26/01/2024   001.6424C APP;3 18373 221.00 26/01/2024 Books     Central Library   Central Library Central Library   31/10/2001 Allied publ. 260.00 CS 264 18/03/2004 RS 1 39 15
26/01/2024   001.6424C APP;4 18374 221.00 26/01/2024 Books     Central Library   Central Library Central Library   31/10/2001 Allied publ. 260.00 CS 264 18/03/2004 RS 1 39 15
26/01/2024   001.6424C APP;5 18375 221.00 26/01/2024 Books     Central Library   Central Library Central Library   31/10/2001 Allied publ. 260.00 CS 264 18/03/2004 RS 1 39 15

© For any Suggestions or Query, please contact the library staff @ librarian@pes.edu or Phone: +9180 2672 1983/ 2108.